[Event "Gold Coast op"]
[Site "Gold Coast"]
[Date "2022.06.24"]
[Round "3"]
[White "Poberezovsky, Daniel"]
[Black "Grigg, Sam"]
[Result "1-0"]
[WhiteElo "1761"]
[BlackElo "2027"]
[PlyCount "87"]
[EventDate "2022.06.23"]
[EventType "swiss"]
[EventRounds "9"]
[EventCountry "AUS"]
[SourceTitle "CBM 209 Extra"]
[Source "ChessBase"]
[SourceDate "2022.09.30"]
[SourceVersion "1"]
[SourceVersionDate "2022.09.30"]
[SourceQuality "1"]

1. c4 e5 2. Nc3 Bb4 3. Qc2 Nf6 4. Nf3 Nc6 5. e3 0-0 6. Nd5 a5 7. a3 Bc5 8. Qf5 d6 9. Nxf6+ Qxf6 10. Qxf6 gxf6 11. b3 e4 12. d4 exf3 13. dxc5 Ne5 14. cxd6 c5 15. Rg1 Kh8 16. Bb2 Rg8 17. 0-0-0 Bf5 18. g4 h5 19. g5 Kh7 20. h4 b6 21. a4 Rad8 22. Rg3 Be4 23. Bh3 Nd3+ 24. Rxd3 Bxd3 25. Bxf6 Rxd6 26. Be7 Rc6 27. Rxf3 Bg6 28. Rf6 Rxf6 29. Bxf6 Re8 30. Kd2 Bb1 31. Bd7 Rb8 32. f3 Rb7 33. Bh3 Bg6 34. e4 Kg8 35. Ke3 Kf8 36. f4 Ke8 37. f5 Bh7 38. Bg2 Rd7 39. Bf3 Bg6 40. fxg6 fxg6 41. e5 Rd4 42. Be4 Kf7 43. Bd5+ Ke8 44. e6 1-0

[Event "Gold Coast op"]
[Site "Gold Coast"]
[Date "2019.06.29"]
[Round "5"]
[White "Grigg, Sam"]
[Black "McClymont, Brodie"]
[Result "0-1"]
[WhiteElo "2035"]
[BlackElo "2311"]
[PlyCount "70"]
[EventDate "2019.06.27"]
[EventType "swiss"]
[EventRounds "9"]
[EventCountry "AUS"]
[SourceTitle "CBM 191 Extra"]
[Source "ChessBase"]
[SourceDate "2019.09.30"]
[SourceVersion "1"]
[SourceVersionDate "2019.09.30"]
[SourceQuality "1"]

1. e4 c5 2. Nf3 d6 3. d4 cxd4 4. Nxd4 Nf6 5. Nc3 a6 6. Be3 e5 7. Nb3 Be6 8. Be2 Be7 9. 0-0 0-0 10. Kh1 Nbd7 11. f4 exf4 12. Bxf4 Ne5 13. Nd4 Ng6 14. Bg3 Rc8 15. Nxe6 fxe6 16. Bg4 Nxg4 17. Qxg4 Rxf1+ 18. Rxf1 Nf8 19. Bf2 Bf6 20. Be1 b5 21. a3 Rc4 22. Qh3 Qe8 23. b3 Rc6 24. Qd3 Qc8 25. Rf3 Ng6 26. Rg3 Bh4 27. Ne2 Ne5 28. Qe3 Bxg3 29. Bxg3 Rxc2 30. h3 Qc5 31. Nd4 Rc3 32. Qf2 Rxg3 33. Qxg3 Qxd4 34. Qg5 Nc6 35. Qh5 Qa1+ 0-1

[Event "Gold Coast op"]
[Site "Gold Coast"]
[Date "2013.06.23"]
[Round "4"]
[White "Grigg, Sam"]
[Black "Parker, Trent"]
[Result "1-0"]
[WhiteElo "2032"]
[BlackElo "1774"]
[PlyCount "47"]
[EventDate "2013.06.22"]
[EventType "swiss"]
[EventRounds "6"]
[EventCountry "AUS"]
[SourceTitle "CBM 155 Extra"]
[Source "ChessBase"]
[SourceDate "2013.08.26"]
[SourceVersion "1"]
[SourceVersionDate "2013.08.26"]
[SourceQuality "1"]

1. c4 e6 2. Nc3 Nf6 3. e4 d5 4. e5 Nfd7 5. cxd5 Nxe5 6. d4 Ng6 7. dxe6 Bxe6 8. d5 Bf5 9. Be3 Bd6 10. Qa4+ Qd7 11. Qb3 c6 12. Bc4 0-0 13. Nf3 Ne5 14. Nxe5 Bxe5 15. Rd1 Qc7 16. h3 Nd7 17. 0-0 Nf6 18. f4 Bd6 19. dxc6 Qxc6 20. Bd5 Nxd5 21. Qxd5 Rfe8 22. Bf2 Bxh3 23. Qxc6 bxc6 24. Rxd6 1-0

[Event "Gold Coast op"]
[Site "Gold Coast"]
[Date "2013.06.23"]
[Round "3"]
[White "Liu, Yi"]
[Black "Grigg, Sam"]
[Result "1-0"]
[WhiteElo "2175"]
[BlackElo "2032"]
[PlyCount "77"]
[EventDate "2013.06.22"]
[EventType "swiss"]
[EventRounds "6"]
[EventCountry "AUS"]
[SourceTitle "CBM 155 Extra"]
[Source "ChessBase"]
[SourceDate "2013.08.26"]
[SourceVersion "1"]
[SourceVersionDate "2013.08.26"]
[SourceQuality "1"]

1. d4 Nf6 2. c4 e6 3. Nf3 Bb4+ 4. Bd2 Qe7 5. e3 Bxd2+ 6. Qxd2 d6 7. Be2 e5 8. 0-0 0-0 9. Nc3 Re8 10. b4 Bg4 11. h3 Bh5 12. a4 e4 13. Ne1 Bxe2 14. Qxe2 b6 15. a5 Nc6 16. Nc2 Reb8 17. Ra4 bxa5 18. b5 Nb4 19. Rxa5 Nxc2 20. Qxc2 Qe6 21. d5 Qe8 22. Rfa1 Rb7 23. R1a3 h6 24. Qa2 Qe5 25. Ne2 g5 26. Ng3 h5 27. Rxa7 Raxa7 28. Rxa7 Rxa7 29. Qxa7 h4 30. Ne2 Qb2 31. Qd4 Qxd4 32. Nxd4 Nd7 33. Nb3 Nb6 34. c5 Nxd5 35. cxd6 cxd6 36. Nd2 f5 37. Nc4 Kf7 38. b6 Ne7 39. Na5 1-0

[Event "Doeberl Cup 49th"]
[Site "Canberra"]
[Date "2011.04.22"]
[Round "4"]
[White "Grigg, Sam"]
[Black "Oliver, Gareth"]
[Result "1/2-1/2"]
[WhiteElo "2012"]
[BlackElo "2214"]
[PlyCount "56"]
[EventDate "2011.04.21"]
[EventType "swiss"]
[EventRounds "9"]
[EventCountry "AUS"]
[SourceTitle "CBM 141 Extra"]
[Source "ChessBase"]
[SourceDate "2011.05.03"]
[SourceVersion "1"]
[SourceVersionDate "2011.05.03"]
[SourceQuality "1"]

1. c4 Nf6 2. Nc3 g6 3. e4 d6 4. d4 Bg7 5. Nf3 0-0 6. Be2 e5 7. 0-0 Nc6 8. d5 Ne7 9. b4 Nh5 10. c5 Nf4 11. Bxf4 exf4 12. Qd2 h6 13. Rad1 g5 14. e5 Nf5 15. exd6 cxd6 16. Nb5 a6 17. Nxd6 Nxd6 18. cxd6 Qxd6 19. Bd3 Bg4 20. Bb1 Rfc8 21. Rfe1 Bxf3 22. gxf3 Rc3 23. Re4 Rxf3 24. Qe2 Rc3 25. Re8+ Rxe8 26. Qxe8+ Bf8 27. Qe4 Bg7 28. Qe8+ Bf8 1/2-1/2

[Event "AUS-ch Major"]
[Site "Cammeray"]
[Date "2011.01.05"]
[Round "4"]
[White "Dale, Ari"]
[Black "Grigg, Sam"]
[Result "1/2-1/2"]
[WhiteElo "1848"]
[BlackElo "2011"]
[PlyCount "99"]
[EventDate "2011.01.02"]
[EventType "swiss"]
[EventRounds "11"]
[EventCountry "AUS"]
[SourceTitle "CBM 140 Extra"]
[Source "ChessBase"]
[SourceDate "2011.03.01"]
[SourceVersion "1"]
[SourceVersionDate "2011.03.01"]
[SourceQuality "1"]

1. d4 e6 2. c4 Nf6 3. Nc3 Bb4 4. Qc2 c5 5. dxc5 Na6 6. a3 Bxc3+ 7. Qxc3 Nxc5 8. b4 Nce4 9. Qb2 d5 10. c5 d4 11. Nf3 Ng4 12. h3 Ngxf2 13. Rg1 e5 14. e3 0-0 15. exd4 exd4 16. Qxd4 Qc7 17. Be3 Rd8 18. Qe5 Qxe5 19. Nxe5 Rd5 20. Bxf2 Rxe5 21. Bd4 Re8 22. Bb5 Rd8 23. 0-0-0 Be6 24. Kb2 Ng3 25. Be5 Nf5 26. Kc3 Ne3 27. Rd6 a6 28. Be2 Rac8 29. g4 Rxd6 30. Bxd6 Re8 31. Rg3 Bd5 32. Kd4 Nc2+ 33. Kxd5 Rxe2 34. Bf4 Re6 35. Rc3 Ne1 36. Bd2 h5 37. Re3 Nc2 38. Rxe6 fxe6+ 39. Kxe6 hxg4 40. hxg4 Nxa3 41. Kd7 Nc4 42. Bf4 a5 43. bxa5 Nxa5 44. Kc7 Kf7 45. Kb6 Nb3 46. Be3 Kf6 47. Kxb7 Nxc5+ 48. Bxc5 Kg5 49. Bd4 Kxg4 50. Bxg7 1/2-1/2

[Event "Sydney op"]
[Site "Parramatta"]
[Date "2010.04.07"]
[Round "2"]
[White "Grigg, Sam"]
[Black "Barisic, Frank"]
[Result "1-0"]
[WhiteElo "1979"]
[BlackElo "1833"]
[PlyCount "75"]
[EventDate "2010.04.07"]
[EventType "swiss"]
[EventRounds "9"]
[EventCountry "AUS"]
[SourceTitle "CBM 135 Extra"]
[Source "ChessBase"]
[SourceDate "2010.05.04"]
[SourceVersion "1"]
[SourceVersionDate "2010.05.04"]
[SourceQuality "1"]

1. c4 e5 2. Nc3 Nf6 3. g3 b6 4. Nf3 d6 5. Bg2 Be7 6. 0-0 0-0 7. e4 Be6 8. Qe2 h6 9. d4 exd4 10. Nxd4 Bg4 11. f3 Bh5 12. Be3 Re8 13. Nf5 Bf8 14. Qd2 Na6 15. Rad1 Re6 16. Nh4 Re8 17. g4 Bg6 18. Nxg6 fxg6 19. h4 Nh7 20. g5 Nc5 21. b4 Ne6 22. f4 hxg5 23. hxg5 Be7 24. Bh3 Nef8 25. a3 Nd7 26. Be6+ Kh8 27. Bf7 Rf8 28. Bxg6 Bxg5 29. fxg5 Ne5 30. Bxh7 Kxh7 31. Qh2+ Kg8 32. Bf4 Qe7 33. Bxe5 dxe5 34. Qh5 Rxf1+ 35. Rxf1 Rf8 36. Rxf8+ Qxf8 37. g6 Qf6 38. Qf5 1-0

[Event "Doeberl Cup 48th"]
[Site "Canberra"]
[Date "2010.04.04"]
[Round "8"]
[White "Grigg, Sam"]
[Black "Stevens, Tristan"]
[Result "1-0"]
[WhiteElo "1979"]
[BlackElo "2041"]
[PlyCount "105"]
[EventDate "2010.04.01"]
[EventType "swiss"]
[EventRounds "9"]
[EventCountry "AUS"]
[SourceTitle "CBM 135 Extra"]
[Source "ChessBase"]
[SourceDate "2010.05.04"]
[SourceVersion "1"]
[SourceVersionDate "2010.05.04"]
[SourceQuality "1"]

1. c4 c5 2. Nc3 Nc6 3. g3 g6 4. Bg2 Bg7 5. e3 e5 6. Nge2 Nge7 7. h4 h5 8. a3 d6 9. d3 Be6 10. b4 cxb4 11. axb4 d5 12. b5 Nb8 13. c5 Nd7 14. d4 Bg4 15. Ra2 exd4 16. exd4 Nxc5 17. f3 Be6 18. dxc5 d4 19. Rd2 Nf5 20. Qa4 0-0 21. Ne4 Ne3 22. Kf2 Nc4 23. Rd3 Qc8 24. Rhd1 a6 25. b6 Bd5 26. Ng5 Qxc5 27. Ba3 Qxb6 28. Bxf8 Rxf8 29. Nf4 Qb2+ 30. Kg1 Ne3 31. R3d2 Qb6 32. Kh2 Bb3 33. Rb1 Bxa4 34. Rxb6 Nc4 35. Rb4 Nxd2 36. Rxa4 Rc8 37. Ne4 Nb3 38. Rb4 Nc1 39. Rxb7 d3 40. Rd7 f5 41. Nf2 a5 42. N2xd3 Nb3 43. Nxg6 Rc3 44. Ne7+ Kh8 45. Nxf5 Bf8 46. Nf4 Rc6 47. Rd8 Rf6 48. Rxf8+ Rxf8 49. Ng6+ Kg8 50. Nxf8 a4 51. Ne6 a3 52. Ne3 Na1 53. Nd4 1-0

[Event "Doeberl Cup 48th"]
[Site "Canberra"]
[Date "2010.04.03"]
[Round "5"]
[White "Hacche, David"]
[Black "Grigg, Sam"]
[Result "1-0"]
[WhiteElo "2131"]
[BlackElo "1979"]
[PlyCount "69"]
[EventDate "2010.04.01"]
[EventType "swiss"]
[EventRounds "9"]
[EventCountry "AUS"]
[SourceTitle "CBM 135 Extra"]
[Source "ChessBase"]
[SourceDate "2010.05.04"]
[SourceVersion "1"]
[SourceVersionDate "2010.05.04"]
[SourceQuality "1"]

1. d4 e6 2. Nf3 Nf6 3. c4 Bb4+ 4. Bd2 Qe7 5. g3 Bxd2+ 6. Nbxd2 d6 7. Bg2 e5 8. e3 Bg4 9. Qb3 c6 10. h3 Bc8 11. c5 Nbd7 12. cxd6 Qxd6 13. Nc4 Qc7 14. Ncxe5 Nxe5 15. Nxe5 Be6 16. Qa3 Nd5 17. 0-0 h5 18. e4 Ne7 19. Rac1 f6 20. Nxc6 bxc6 21. d5 Bd7 22. d6 Qc8 23. dxe7 Bxh3 24. Bxh3 Qxh3 25. Qd6 h4 26. Qxc6+ Kf7 27. Qd5+ Kg6 28. Rc7 hxg3 29. e8Q+ Raxe8 30. Qf7+ Kg5 31. Qxg7+ Kf4 32. Qxf6+ Kxe4 33. Re1+ Kd5 34. Qc6+ Kd4 35. Qc4# 1-0

[Event "Doeberl Cup 48th"]
[Site "Canberra"]
[Date "2010.04.02"]
[Round "4"]
[White "Grigg, Sam"]
[Black "Wang, Oscar Miao"]
[Result "1-0"]
[WhiteElo "1979"]
[BlackElo "1943"]
[PlyCount "189"]
[EventDate "2010.04.01"]
[EventType "swiss"]
[EventRounds "9"]
[EventCountry "AUS"]
[SourceTitle "CBM 135 Extra"]
[Source "ChessBase"]
[SourceDate "2010.05.04"]
[SourceVersion "1"]
[SourceVersionDate "2010.05.04"]
[SourceQuality "1"]

1. c4 e6 2. Nc3 Nf6 3. e4 d6 4. d4 b6 5. Nf3 Bb7 6. Bd3 Nbd7 7. 0-0 e5 8. d5 g6 9. Ne1 Bg7 10. f4 exf4 11. Bxf4 Ne5 12. Nf3 Nfd7 13. Qd2 0-0 14. Rae1 Qe7 15. b3 a6 16. Bc2 Rfe8 17. Bg5 Bf6 18. Bxf6 Nxf6 19. Nxe5 Qxe5 20. Re3 Ng4 21. Rg3 h5 22. Qf4 Qxf4 23. Rxf4 Ne5 24. Nb1 Bc8 25. Nd2 Re7 26. Bd1 Kh7 27. Nf3 Nxf3+ 28. Rgxf3 Kg7 29. Rg3 Kh6 30. Bc2 Bd7 31. h3 Rae8 32. Rf1 Kg7 33. Rgf3 a5 34. a3 Ra8 35. Kf2 Ra7 36. Ke3 Ra8 37. Kd4 Kg8 38. Re3 Re5 39. Ree1 Ra7 40. Ra1 Re8 41. Rfe1 f6 42. Rf1 Kg7 43. Rf2 Ra6 44. Raf1 Rf8 45. Bd1 Raa8 46. g4 h4 47. Ra2 g5 48. Rff2 Ra7 49. Rf3 Rfa8 50. Rb2 Kg6 51. Bc2 Kg7 52. Bd3 Ra6 53. Rff2 R6a7 54. Rfc2 Kf7 55. b4 axb4 56. axb4 Ke7 57. c5 bxc5+ 58. bxc5 Bc8 59. cxd6+ cxd6 60. Rb6 Bd7 61. Bb5 Bxb5 62. Rxb5 Ra4+ 63. Rc4 Rxc4+ 64. Kxc4 Ra7 65. Rb6 Ra4+ 66. Kb5 Rxe4 67. Rb7+ Ke8 68. Kc6 Re3 69. Kxd6 Rxh3 70. Ke6 Re3+ 71. Kxf6 Rd3 72. Re7+ Kd8 73. Re5 Rf3+ 74. Ke6 Rf8 75. Rxg5 Rh8 76. Rf5 h3 77. Rf1 Rg8 78. Rf2 Rg6+ 79. Kf5 Rd6 80. g5 Rxd5+ 81. Kg6 Ke8 82. Kh6 h2 83. Rxh2 Kf7 84. Ra2 Rd1 85. Ra7+ Kg8 86. Ra8+ Kf7 87. g6+ Kf6 88. Rf8+ Ke7 89. g7 Rh1+ 90. Kg6 Rg1+ 91. Kh7 Rh1+ 92. Kg8 Rh4 93. Rf3 Rh1 94. Rf4 Ra1 95. Rh4 1-0

[Event "Doeberl Cup 48th"]
[Site "Canberra"]
[Date "2010.04.01"]
[Round "2"]
[White "Grigg, Sam"]
[Black "Nakauchi, Gene"]
[Result "0-1"]
[WhiteElo "1979"]
[BlackElo "2119"]
[PlyCount "74"]
[EventDate "2010.04.01"]
[EventType "swiss"]
[EventRounds "9"]
[EventCountry "AUS"]
[SourceTitle "CBM 135 Extra"]
[Source "ChessBase"]
[SourceDate "2010.05.04"]
[SourceVersion "1"]
[SourceVersionDate "2010.05.04"]
[SourceQuality "1"]

1. c4 c5 2. g3 Nc6 3. Bg2 g6 4. Nc3 Bg7 5. d3 e6 6. Be3 d6 7. Rb1 Nge7 8. Qc1 Nf5 9. Bg5 Qa5 10. Bd2 0-0 11. a3 Nfd4 12. Nb5 Qd8 13. Nxd4 Nxd4 14. b4 cxb4 15. axb4 d5 16. c5 Bd7 17. Bc3 Ba4 18. Bxd4 Bxd4 19. e3 Bg7 20. d4 Bb5 21. Bf1 Qd7 22. Ne2 a5 23. Nc3 Bxf1 24. Kxf1 e5 25. dxe5 Bxe5 26. Kg2 axb4 27. Rxb4 Qc6 28. Ne2 d4+ 29. f3 d3 30. Nd4 Bxd4 31. exd4 Ra2+ 32. Rb2 Rxb2+ 33. Qxb2 Re8 34. d5 Qxd5 35. Qb4 Re2+ 36. Kh3 Qxf3 37. Ra1 Qg2+ 0-1

[Event "Doeberl Cup 48th"]
[Site "Canberra"]
[Date "2010.04.01"]
[Round "1"]
[White "Ly, Moulthun"]
[Black "Grigg, Sam"]
[Result "1-0"]
[WhiteElo "2340"]
[BlackElo "1979"]
[PlyCount "73"]
[EventDate "2010.04.01"]
[EventType "swiss"]
[EventRounds "9"]
[EventCountry "AUS"]
[SourceTitle "CBM 135 Extra"]
[Source "ChessBase"]
[SourceDate "2010.05.04"]
[SourceVersion "1"]
[SourceVersionDate "2010.05.04"]
[SourceQuality "1"]

1. e4 c5 2. c3 Nf6 3. e5 Nd5 4. d4 e6 5. Nf3 Nc6 6. Bc4 d6 7. 0-0 dxe5 8. dxe5 a6 9. Qe2 b5 10. Bb3 c4 11. Bc2 Qc7 12. Re1 g6 13. Nbd2 Bg7 14. Nf1 Bb7 15. Bd2 0-0 16. h4 h5 17. Bg5 Rac8 18. a3 a5 19. Ng3 b4 20. axb4 axb4 21. cxb4 Ndxb4 22. Be4 Nd3 23. Bxd3 cxd3 24. Qe3 Nxe5 25. Nxe5 Bxe5 26. Qxe5 Qxe5 27. Rxe5 f6 28. Rxe6 fxg5 29. Rxg6+ Kf7 30. Rb6 d2 31. Rxb7+ Kg8 32. Ne2 Rfe8 33. Kf1 Rc4 34. Rd7 Rxh4 35. Rxd2 Rh1+ 36. Ng1 h4 37. Rd5 1-0

[Event "AUS-ch U18"]
[Site "Sandy Bay"]
[Date "2010.01.25"]
[Round "11"]
[White "Grigg, Sam"]
[Black "Schon, Eugene"]
[Result "1/2-1/2"]
[WhiteElo "1925"]
[BlackElo "2107"]
[PlyCount "154"]
[EventDate "2010.01.14"]
[EventType "swiss"]
[EventRounds "11"]
[EventCountry "AUS"]
[SourceTitle "EXT 2011"]
[Source "ChessBase"]
[SourceDate "2010.11.26"]
[SourceVersion "1"]
[SourceVersionDate "2010.11.26"]
[SourceQuality "1"]

1. d4 d5 2. c4 e6 3. Nc3 c6 4. e4 dxe4 5. Nxe4 Bb4+ 6. Bd2 Qxd4 7. Bxb4 Qxe4+ 8. Ne2 Nd7 9. Qd2 c5 10. Bc3 Ngf6 11. 0-0-0 Qxc4 12. b3 Qd5 13. Qe3 Qe4 14. Qg3 Qg6 15. Qf3 Nd5 16. Nf4 Qg5 17. Bd2 Nxf4 18. Bxf4 Qf6 19. Qg3 0-0 20. Bd3 e5 21. Bg5 Qc6 22. Rhe1 c4 23. Be4 Qc5 24. Rd5 Qa3+ 25. Kb1 cxb3 26. axb3 f5 27. Bc2 Rf7 28. f4 e4 29. Qc3 Nb6 30. Rd8+ Rf8 31. Qe5 Rxd8 32. Bxd8 Qf8 33. Rd1 Nd7 34. Qd5+ Qf7 35. Qa5 Nb8 36. Be7 Bd7 37. Qd8+ Be8 38. Bd6 Qd7 39. Bc7 Qxd8 40. Rxd8 Kf7 41. Rxb8 Rxb8 42. Bxb8 a6 43. Kc1 Ke6 44. Kd2 Kd5 45. Ba7 b5 46. Kc3 a5 47. Bd1 b4+ 48. Kb2 Kc6 49. h3 h5 50. Bd4 g6 51. Bf6 Kb6 52. Bd8+ Ka6 53. g4 hxg4 54. hxg4 Bb5 55. gxf5 gxf5 56. Bh4 Bd3 57. Kc1 Kb5 58. Kd2 Bf1 59. Ke3 a4 60. bxa4+ Kc4 61. Be2+ Bxe2 62. Kxe2 b3 63. Kd2 Kb4 64. a5 Kxa5 65. Kc3 Ka4 66. Be7 e3 67. Bf6 Ka3 68. Kd3 b2 69. Kc2 b1R 70. Kxb1 e2 71. Bc3 Kb3 72. Ba5 Kc4 73. Kc2 Kd4 74. Kd2 Ke4 75. Bc7 Kf3 76. Ke1 Ke3 77. Bb8 Kf3 1/2-1/2

[Event "AUS-ch U18"]
[Site "Sandy Bay"]
[Date "2010.01.21"]
[Round "8"]
[White "Grigg, Sam"]
[Black "Papantoniou, John"]
[Result "1/2-1/2"]
[WhiteElo "1925"]
[BlackElo "1777"]
[PlyCount "116"]
[EventDate "2010.01.14"]
[EventType "swiss"]
[EventRounds "11"]
[EventCountry "AUS"]
[SourceTitle "EXT 2011"]
[Source "ChessBase"]
[SourceDate "2010.11.26"]
[SourceVersion "1"]
[SourceVersionDate "2010.11.26"]
[SourceQuality "1"]

1. c4 e5 2. Nc3 Nf6 3. g3 c6 4. Nf3 e4 5. Nd4 d5 6. cxd5 cxd5 7. Bg2 Nc6 8. Nxc6 bxc6 9. d4 Bd6 10. 0-0 0-0 11. a3 Bf5 12. Bg5 h6 13. Bxf6 Qxf6 14. Qd2 a5 15. e3 Rfb8 16. Rfc1 Rb3 17. Na4 Bd7 18. Rc3 Rb7 19. Rac1 Rab8 20. R3c2 c5 21. Nxc5 Bxc5 22. Rxc5 Rxb2 23. R5c2 Qb6 24. h4 Rb3 25. Rc5 Rxa3 26. Rxd5 Be6 27. Rdc5 f5 28. Bf1 Ra2 29. Qc3 Qb2 30. Qxb2 Rbxb2 31. d5 Bd7 32. Rc7 Bb5 33. Bxb5 Rxb5 34. d6 Rd5 35. d7 Rad2 36. Ra7 Rxd7 37. Rxa5 R2d5 38. Rxd5 Rxd5 39. Rc2 Kf7 40. Kg2 Rd7 41. g4 g6 42. gxf5 gxf5 43. Rc6 Kg7 44. h5 f4 45. exf4 Rd5 46. Rg6+ Kh7 47. Re6 Rxh5 48. Rxe4 Ra5 49. Kg3 Kg6 50. Rb4 Rf5 51. Kf3 Rf6 52. Re4 Ra6 53. Re5 Rb6 54. Kg4 Ra6 55. f5+ Kf6 56. f4 Rb6 57. Re8 h5+ 58. Kh4 Kxf5 1/2-1/2

[Event "AUS-ch U18"]
[Site "Sandy Bay"]
[Date "2010.01.19"]
[Round "6"]
[White "Grigg, Sam"]
[Black "Tan, Kevin1"]
[Result "1-0"]
[WhiteElo "1925"]
[BlackElo "1697"]
[PlyCount "129"]
[EventDate "2010.01.14"]
[EventType "swiss"]
[EventRounds "11"]
[EventCountry "AUS"]
[SourceTitle "EXT 2011"]
[Source "ChessBase"]
[SourceDate "2010.11.26"]
[SourceVersion "1"]
[SourceVersionDate "2010.11.26"]
[SourceQuality "1"]

1. d4 g6 2. e4 d6 3. c4 Nf6 4. Nc3 Bg7 5. Nf3 0-0 6. Be2 e5 7. 0-0 Nc6 8. d5 Ne7 9. b4 Nh5 10. c5 f5 11. Ng5 Nf6 12. Bf3 fxe4 13. cxd6 exf3 14. dxe7 Qxe7 15. Qb3 Kh8 16. Nxf3 Bg4 17. Ng5 h6 18. Nge4 Nxe4 19. Nxe4 Qh4 20. Ng3 Rf4 21. Bb2 Raf8 22. Rae1 Bd7 23. Qd3 a6 24. Qxg6 Rg4 25. Qh5 Qe7 26. Bxe5 Kh7 27. Bxg7 Qxg7 28. Qe5 Bb5 29. Qxg7+ Rxg7 30. Ne2 Bc4 31. f3 Bxa2 32. Nc3 Bb3 33. f4 b6 34. g3 a5 35. bxa5 bxa5 36. Ra1 a4 37. Nxa4 Bxd5 38. Nc5 Re7 39. Rfe1 Rfe8 40. Rxe7+ Rxe7 41. Kf2 Kg6 42. Nd3 Kf5 43. Ra5 Ke4 44. Ne5 c6 45. Ra4+ Kf5 46. g4+ Kf6 47. Ra6 Rc7 48. Ke3 h5 49. g5+ Kf5 50. Ra8 c5 51. Rf8+ Ke6 52. Rh8 c4 53. Rh6+ Ke7 54. Rh7+ Kd6 55. Rxc7 Kxc7 56. Kd4 Be6 57. Nxc4 Kd7 58. Ne3 Ke7 59. Ke5 Bg8 60. h4 Kf7 61. f5 Kg7 62. Nd5 Bf7 63. Nf4 Be8 64. Ke6 Kh7 65. Ke7 1-0

[Event "AUS-ch U18"]
[Site "Sandy Bay"]
[Date "2010.01.15"]
[Round "2"]
[White "Grigg, Sam"]
[Black "Hibberd, Nathan"]
[Result "1-0"]
[WhiteElo "1925"]
[BlackElo "1311"]
[PlyCount "93"]
[EventDate "2010.01.14"]
[EventType "swiss"]
[EventRounds "11"]
[EventCountry "AUS"]
[SourceTitle "EXT 2011"]
[Source "ChessBase"]
[SourceDate "2010.11.26"]
[SourceVersion "1"]
[SourceVersionDate "2010.11.26"]
[SourceQuality "1"]

1. c4 e5 2. Nc3 Nf6 3. g3 c6 4. Nf3 e4 5. Nd4 d5 6. cxd5 Qb6 7. Nb3 cxd5 8. Bg2 Bf5 9. a4 Bb4 10. 0-0 Nc6 11. d3 Bxc3 12. bxc3 0-0 13. Be3 Qc7 14. Rc1 Rfd8 15. Nd4 Nxd4 16. cxd4 Qe7 17. dxe4 dxe4 18. Bg5 h6 19. Bxf6 Qxf6 20. e3 Rac8 21. Qb3 b6 22. Qb5 Qe6 23. a5 Rxc1 24. Rxc1 Rd5 25. Rc8+ Kh7 26. Qe8 Rxa5 27. Qg8+ Kg6 28. Rc1 Qf6 29. h4 h5 30. Qe8 Rd5 31. Rc6 Rd6 32. Bxe4 Rxc6 33. Bxc6 Qe6 34. e4 Bg4 35. f4 Qxe8 36. Bxe8 Bf3 37. Bc6 a5 38. Kf2 Bd1 39. d5 a4 40. d6 Kf6 41. Bd5 Bb3 42. e5+ Kf5 43. d7 Bxd5 44. d8Q Be6 45. Qd3+ Kg4 46. Qd1+ Kh3 47. Qxa4 1-0

[Event "Canberra ANU op"]
[Site "Canberra"]
[Date "2009.07.26"]
[Round "6"]
[White "Grigg, Sam"]
[Black "Dragicevic, Domagoj"]
[Result "1/2-1/2"]
[WhiteElo "1855"]
[BlackElo "2166"]
[PlyCount "106"]
[EventDate "2009.07.25"]
[EventType "swiss"]
[EventRounds "7"]
[EventCountry "AUS"]
[SourceTitle "EXT 2011"]
[Source "ChessBase"]
[SourceDate "2010.11.26"]
[SourceVersion "1"]
[SourceVersionDate "2010.11.26"]
[SourceQuality "1"]

1. c4 d6 2. d4 Nf6 3. Nc3 Nbd7 4. e4 e5 5. Nf3 g6 6. Be2 Bg7 7. 0-0 0-0 8. h3 c6 9. Be3 exd4 10. Nxd4 Re8 11. Qc2 Nc5 12. f3 a5 13. a3 a4 14. Rad1 Qe7 15. Bf2 Nh5 16. Rfe1 Qg5 17. h4 Qe5 18. Bf1 Bd7 19. Nde2 f5 20. Bd4 Qe7 21. Bxg7 Kxg7 22. Qd2 fxe4 23. fxe4 Bg4 24. Qxd6 Qxd6 25. Rxd6 Nxe4 26. Rd4 Nxc3 27. Rxg4 Ne4 28. Nd4 Nef6 29. Rxe8 Rxe8 30. Rg5 Re4 31. Nf5+ Kf8 32. Nd6 Rxh4 33. Be2 Ke7 34. Nxb7 Ne4 35. Rg4 Rxg4 36. Bxg4 Nhf6 37. Bf3 Kd7 38. Na5 h5 39. b3 axb3 40. Nxb3 g5 41. Kf1 g4 42. Bxe4 Nxe4 43. Ke2 Kd6 44. Ke3 Nf6 45. Kf4 Nd7 46. Kg5 Ne5 47. Nd2 Kc5 48. Kxh5 Kd4 49. Kg5 g3 50. Kf4 Nxc4 51. Nf3+ Kc3 52. Kxg3 Ne3 53. Ne5 Kb3 1/2-1/2

[Event "Oceania zt"]
[Site "Gold Coast"]
[Date "2009.06.26"]
[Round "9"]
[White "Grigg, Sam"]
[Black "Fitzpatrick, Andrew"]
[Result "1/2-1/2"]
[WhiteElo "1927"]
[BlackElo "2022"]
[PlyCount "88"]
[EventDate "2009.06.20"]
[EventType "swiss"]
[EventRounds "9"]
[EventCountry "AUS"]
[SourceTitle "CBM 130 Extra"]
[Source "ChessBase"]
[SourceDate "2009.07.02"]
[SourceVersion "2"]
[SourceVersionDate "2009.07.15"]
[SourceQuality "1"]

1. c4 Nc6 2. Nc3 e5 3. g3 g6 4. Bg2 Bg7 5. e3 d6 6. Nge2 h5 7. h4 Nh6 8. d4 exd4 9. exd4 Nf5 10. Be3 0-0 11. 0-0 Nxe3 12. fxe3 g5 13. Qe1 gxh4 14. gxh4 Bf6 15. Qg3+ Bg4 16. Qf4 Bxh4 17. Bd5 Bg5 18. Qe4 Kg7 19. Ng3 f5 20. Nxf5+ Bxf5 21. Rxf5 Rxf5 22. Qxf5 Bxe3+ 23. Kg2 Qg5+ 24. Qxg5+ Bxg5 25. Rf1 Rf8 26. Rxf8 Kxf8 27. Bf3 Nxd4 28. Bxh5 c6 29. Ne2 Nc2 30. Kf3 Nb4 31. a3 Nd3 32. b3 Ke7 33. Nd4 Bc1 34. Nc2 d5 35. cxd5 cxd5 36. Kg3 Kd6 37. Bg6 Ne5 38. Bh7 Kc5 39. Kf2 d4 40. Ke2 a5 41. Kd1 Bg5 42. Ne1 a4 43. Kc2 Kb5 44. bxa4+ Kxa4 1/2-1/2

[Event "Oceania zt"]
[Site "Gold Coast"]
[Date "2009.06.25"]
[Round "8"]
[White "Smith, Robert Wayne"]
[Black "Grigg, Sam"]
[Result "1-0"]
[WhiteElo "2274"]
[BlackElo "1927"]
[PlyCount "89"]
[EventDate "2009.06.20"]
[EventType "swiss"]
[EventRounds "9"]
[EventCountry "AUS"]
[SourceTitle "CBM 130 Extra"]
[Source "ChessBase"]
[SourceDate "2009.07.02"]
[SourceVersion "2"]
[SourceVersionDate "2009.07.15"]
[SourceQuality "1"]

1. e4 c5 2. d3 Nc6 3. g3 Nf6 4. Bg2 d5 5. Nd2 Bg4 6. Ngf3 e6 7. 0-0 Be7 8. Re1 0-0 9. h3 Bh5 10. e5 Nd7 11. g4 Bg6 12. Nf1 Qc7 13. Bf4 Rae8 14. Qd2 Qc8 15. g5 Bd8 16. Ng3 f6 17. gxf6 gxf6 18. Bh6 Rf7 19. exf6 Bxf6 20. Ng5 Bxg5 21. Bxg5 Nd4 22. Re3 c4 23. Rae1 cxd3 24. cxd3 Nf8 25. Rc1 Rc7 26. Rc3 Rxc3 27. bxc3 Nb5 28. Ne2 Nd6 29. Nd4 Nf7 30. Bf6 e5 31. Nf3 Qf5 32. Bh4 Ne6 33. Bg3 e4 34. dxe4 dxe4 35. Nh4 Qg5 36. Nxg6 hxg6 37. Qd7 Re7 38. Qc8+ Nfd8 39. Rxe4 Re8 40. Kh2 Qf6 41. Re3 g5 42. Bd5 Qg6 43. Qd7 Qf7 44. Qxd8 Nxd8 45. Rxe8+ 1-0